000 00622nam a2200181Ia 4500
008 100921s9999 xx 000 0 und d
082 _b7898
_a330 थ 73
100 _aPatkar M.G.
245 _aCost Accounts Theaory & Practice.
260 _bफडके अेम.व्हि.आणि कंपनी.कोल्हापूर.
_c1973
300 _a213
_b---
365 _b9
520 _aस.शा.अर्थशास्त्र.
630 _aCost Accounts Theaory & Practice.
650 _aस.शा.अर्थशास्त्र.
730 _aCost Accounts Theaory & Practice.
942 _cBOOK
999 _c757011
_d757008